Teoretické úvahy nad komanditnou spoločnosťou

Aplikácia pojmov právny systém, právna norma a ich štruktúra na komanditnú spoločnosť.

Salvato in:
Dettagli Bibliografici
Autore principale: Vačoková, Lenka, 1983-
Natura: Capitolo di libro
Lingua:slovacco
Soggetti:
Tags: Aggiungi Tag
Nessun Tag, puoi essere il primo ad aggiungerne!!

MARC

LEADER 00000naa$a2200000$$$4500
001 0142221
005 20240502072540.8
041 0 |a slo 
044 |a SK 
245 1 0 |a Teoretické úvahy nad komanditnou spoločnosťou  |c Lenka Vačoková 
520 |a Aplikácia pojmov právny systém, právna norma a ich štruktúra na komanditnú spoločnosť. 
610 2 0 |a spoločnosti komanditné 
610 2 0 |a systémy právne 
610 2 0 |a normy právne 
100 1 |a Vačoková, Lenka, 1983-